书目信息 |
| 题名: |
劳动价值论
|
|
| 作者: | 钱津 著 | |
| 分册: | ||
| 出版信息: | 北京 社会科学文献出版社 2001 |
|
| 页数: | 412页 | |
| 开本: | 20cm | |
| 丛书名: | ||
| 单 册: | ||
| 中图分类: | F031.3 | |
| 科图分类: | ||
| 主题词: | 价值论--研究 | |
| 电子资源: | ||
| ISBN: | 7-80149-540-3 | |
| 000 | 00491nam0 2200181 45 | |
| 001 | 0303261553 | |
| 005 | 20070727084918.17 | |
| 010 | @a7-80149-540-3@dCNY25.00 | |
| 100 | @a20030326d2001 km y0chiy0120 ea | |
| 101 | 0 | @achi |
| 200 | 1 | @a劳动价值论@ALao Dong Jia Zhi Lun@f钱津著@FQian Jin Zhu |
| 210 | @a北京@c社会科学文献出版社@d2001 | |
| 215 | @a412页@d20cm | |
| 606 | 0 | @a价值论@x研究 |
| 690 | @aF031.3@v4 | |
| 701 | 0 | @a钱津@4著 |
| 801 | @aCN@bTSTC@c20070727 | |
| 905 | @b321278@dF031.3@e31@f1 | |
| 劳动价值论/钱津著.-北京:社会科学文献出版社,2001 |
| 412页;20cm |
| ISBN 7-80149-540-3:CNY25.00 |
| ● |
| 相关链接 |
|
|
|
|
正题名:劳动价值论
索取号:F031.3/31
 
预约/预借
| 序号 | 登录号 | 条形码 | 馆藏地/架位号 | 状态 | 备注 |
| 1 | 0321278 | 203212781 | 第一样本阅览室/ [索取号:F031.3/31] | 在馆 | |
| 2 | 0783905 | 207839053 | 密集书库/ [索取号:F031.3/31] | 在馆 | |
| 3 | 0783928 | 207839286 | 第一借阅区/ [索取号:F031.3/31] | 在馆 |